Philippians: (Record no. 5870)

000 -LEADER
fixed length control field 00585nam a2200181 a 4500
001 - CONTROL NUMBER
control field :::00003612$&:&@@
003 - CONTROL NUMBER IDENTIFIER
control field OkBaRHE
005 - DATE AND TIME OF LATEST TRANSACTION
control field 20000607103308.0
008 - FIXED-LENGTH DATA ELEMENTS--GENERAL INFORMATION
fixed length control field s1980 j 000 0 eng u
040 ## - CATALOGING SOURCE
Transcribing agency
100 1# - MAIN ENTRY--PERSONAL NAME
Personal name Dyet, James T.
245 10 - TITLE STATEMENT
Title Philippians:
Remainder of title living above the circumstances.
260 ## - PUBLICATION, DISTRIBUTION, ETC. (IMPRINT)
Place of publication, distribution, etc Denver, CO., :
Name of publisher, distributor, etc Accent On Life Bible Curriculum
Date of publication, distribution, etc c1980
300 ## - PHYSICAL DESCRIPTION
Extent 112 p. ;
Dimensions 19 cm.
650 ## - SUBJECT ADDED ENTRY--TOPICAL TERM
Topical term or geographic name as entry element Bible New Testament Philippians
General subdivision Study
942 ## - ADDED ENTRY ELEMENTS (KOHA)
Source of classification or shelving scheme
Koha item type Books
Copies
Date last seen Shelving location Barcode Date acquired Not for loan Source of classification or shelving scheme Withdrawn status Lost status Full call number Koha item type Price effective from Damaged status Permanent Location Copy number
2018-04-03General Stacks36122010-04-14    BS 2705 .D898Books2010-04-14 RHEMA Bible Training College1